header

Sometimes Its Turkey.Sometimes Its Feathers (Record no. 261671)

MARC details
000 -LEADER
fixed length control field 00230nam a22000977a 4500
020 ## - INTERNATIONAL STANDARD BOOK NUMBER
ISBN 1932065334
100 ## - MAIN ENTRY--AUTHOR NAME
Personal name Lorna
245 ## - TITLE STATEMENT
Title Sometimes Its Turkey.Sometimes Its Feathers
260 ## - PUBLICATION, DISTRIBUTION, ETC. (IMPRINT)
Place of publication USA
Name of publisher Star Bright Books
Year of publication 2003
942 ## - ADDED ENTRY ELEMENTS (KOHA)
Koha item type Long Loan Books
Holdings
Withdrawn status Lost status Collection code Home library Current library Shelving location Date acquired Accession Number Koha item type
    Fiction Rongo University Library Rongo University Library Children's Area 17/11/2023 CL20222005 Long Loan Books

© 2026 Rongo University
Contact us: librarian | system librarian | Rongo university